| 000 | 00315nam a2200109Ia 4500 | ||
|---|---|---|---|
| 008 | 190906s9999||||xx |||||||||||||| ||und|| | ||
| 100 | _a Joseph Tinervia | ||
| 245 | 0 | _aCommercial Correspondence For Students of English As A Second Language | |
| 260 |
_aNew Delhi _bBantam Books Inc _c1986 |
||
| 300 | _a198 | ||
| 942 | _cBK | ||
| 999 |
_c6066 _d6066 |
||